000 00400nam a22001697a 4500
003 MPLRDC
005 20220104125453.0
008 210129b ||||| |||| 00| 0 eng d
082 _a857.9 XMD-30 v.2
100 _a西门丁
245 _a烽火孤雏. 中
_c
250 _a初版
260 _a
_b环球出版社
_c1989
300 _b
650 _a武侠小说
942 _cBK
_o857.9 XMD-30 v.2
999 _c27617
_d27607